[Event "Vaxjo op"]
[Site "Vaxjo"]
[Date "2017.02.11"]
[Round "6"]
[White "Rydstrom, Tom"]
[Black "Valle, Lorenzo"]
[Result "1-0"]
[WhiteElo "2262"]
[BlackElo "1595"]
[PlyCount "87"]
[EventDate "2017.02.10"]
[EventType "swiss"]
[EventRounds "8"]
[EventCountry "SWE"]
[SourceTitle "CBM 176 Extra"]
[Source "ChessBase"]
[SourceDate "2017.03.02"]
[SourceVersion "1"]
[SourceVersionDate "2017.03.02"]
[SourceQuality "1"]

1. e4 d6 2. d4 Nf6 3. Nc3 g6 4. Be3 Bg7 5. Qd2 0-0 6. f3 Nc6 7. 0-0-0 e5 8. d5 Nb8 9. g4 c6 10. dxc6 Nxc6 11. Nge2 Be6 12. Qxd6 Qc8 13. Qd2 Rd8 14. Qe1 Qc7 15. Rxd8+ Qxd8 16. Kb1 Qa5 17. Nc1 Nd4 18. Be2 Rd8 19. Nb3 Bxb3 20. axb3 a6 21. h4 h5 22. Bg5 Rd6 23. Bxf6 Bxf6 24. gxh5 gxh5 25. Rg1+ Bg7 26. Qf2 Qd8 27. Bc4 Rf6 28. Nd5 Rh6 29. c3 Ne6 30. Ne3 Qb6 31. Qd2 Rh7 32. Rg3 Qd8 33. Bd5 Qxh4 34. Nf5 Qf4 35. Qg2 h4 36. Rg4 h3 37. Qh1 Qd2 38. Rg1 Kf8 39. Rd1 Qf4 40. Bxe6 fxe6 41. Rd8+ Kf7 42. Nxg7 Kxg7 43. Qg1+ Kf7 44. Rd7+ 1-0

[Event "Baltic Sea Cup"]
[Site "Bornholm"]
[Date "2008.08.02"]
[Round "6"]
[White "Andersen, Daniel"]
[Black "Valle, Lorenzo"]
[Result "1/2-1/2"]
[WhiteElo "1969"]
[BlackElo "1573"]
[PlyCount "90"]
[EventDate "2008.07.29"]
[EventType "swiss"]
[EventRounds "10"]
[EventCountry "DEN"]
[SourceTitle "CBM 125 Extra"]
[Source "ChessBase"]
[SourceDate "2008.09.01"]
[SourceVersion "1"]
[SourceVersionDate "2008.09.01"]
[SourceQuality "1"]

1. c4 Nf6 2. Nc3 e5 3. Nf3 d6 4. d4 exd4 5. Nxd4 g6 6. g3 Bg7 7. Bg2 0-0 8. 0-0 Na6 9. Nd5 c6 10. Nc3 Nc5 11. e4 Re8 12. Re1 Be6 13. Nxe6 Nxe6 14. h3 Nd7 15. Qxd6 Ne5 16. Qa3 Nxc4 17. Qb4 Nb6 18. Be3 Qe7 19. Qxe7 Rxe7 20. Rad1 Nc4 21. Bc1 Rd8 22. Bf1 Ne5 23. Kg2 Ree8 24. Be3 Nd7 25. Bxa7 Ndc5 26. Bb6 Bxc3 27. bxc3 Rxd1 28. Rxd1 Nxe4 29. Bc4 Nxc3 30. Rd7 Nd5 31. Rxb7 Nxb6 32. Rxb6 Nd4 33. Rb4 Ne6 34. Rb6 Nd4 35. Rb7 Ne6 36. a4 Ra8 37. Bxe6 fxe6 38. Rb4 c5 39. Rf4 Kg7 40. Kf3 h6 41. Ke3 g5 42. Rc4 Ra5 43. Kf3 Kf6 44. Ke4 h5 45. f4 g4 1/2-1/2

[Event "Baltic Sea Cup"]
[Site "Bornholm"]
[Date "2008.07.30"]
[Round "3"]
[White "Valle, Lorenzo"]
[Black "Svanholm, Borge Waaktaar"]
[Result "0-1"]
[WhiteElo "1573"]
[BlackElo "2003"]
[PlyCount "122"]
[EventDate "2008.07.29"]
[EventType "swiss"]
[EventRounds "10"]
[EventCountry "DEN"]
[SourceTitle "CBM 125 Extra"]
[Source "ChessBase"]
[SourceDate "2008.09.01"]
[SourceVersion "1"]
[SourceVersionDate "2008.09.01"]
[SourceQuality "1"]

1. e4 c5 2. Nf3 d6 3. Bb5+ Bd7 4. Bxd7+ Qxd7 5. 0-0 Nc6 6. Re1 e6 7. c3 Be7 8. d4 cxd4 9. cxd4 Nf6 10. Nc3 0-0 11. e5 Ne8 12. d5 Nxe5 13. Nxe5 dxe5 14. dxe6 Qxe6 15. Qh5 f5 16. Bf4 e4 17. Rad1 Nf6 18. Qe2 Bb4 19. Qb5 Bxc3 20. bxc3 g6 21. Qxb7 Qxa2 22. Bh6 Qf7 23. Rb1 Qxb7 24. Rxb7 Rf7 25. Reb1 Rxb7 26. Rxb7 a5 27. Be3 a4 28. Bd4 Ne8 29. Rb2 Kf7 30. Kf1 Ke6 31. Rb6+ Kd5 32. Ke2 a3 33. Rb5+ Kc6 34. c4 a2 35. Rc5+ Kd6 36. Rd5+ Ke6 37. Re5+ Kf7 38. Ba1 Nd6 39. c5 Nb5 40. c6 Nc7 41. Kd2 Ra6 42. Rc5 Ke7 43. Rc2 Kd6 44. Kc1 Rxc6 45. Rxc6+ Kxc6 46. Kb2 Kd5 47. Kxa2 Kc4 48. Be5 Nd5 49. h3 Kd3 50. Kb3 f4 51. g4 e3 52. fxe3 fxe3 53. h4 e2 54. Bg3 Ne3 55. h5 Nxg4 56. hxg6 hxg6 57. Kb4 Ne3 58. Kc5 Ke4 59. Kd6 g5 60. Ke6 g4 61. Kf6 Kf3 0-1

[Event "Baltic Sea Cup"]
[Site "Ronne"]
[Date "2007.08.03"]
[Round "6.52"]
[White "Hansen, Anders"]
[Black "Valle, Lorenzo"]
[Result "1-0"]
[WhiteElo "1795"]
[BlackElo "1541"]
[PlyCount "119"]
[EventDate "2007.07.30"]
[EventType "swiss"]
[EventRounds "9"]
[EventCountry "DEN"]
[SourceTitle "EXT 2023"]
[Source "ChessBase"]
[SourceDate "2022.10.05"]
[SourceVersion "1"]
[SourceVersionDate "2022.10.05"]
[SourceQuality "1"]

1. d4 Nf6 2. c4 e5 3. d5 Bb4+ 4. Nc3 0-0 5. e3 d6 6. Qc2 Bd7 7. Nf3 Qe8 8. Bd2 Na6 9. a3 Bxc3 10. Bxc3 Nc5 11. Rb1 Nce4 12. Rc1 h6 13. Nd2 Nxc3 14. Qxc3 Bf5 15. Be2 e4 16. h3 Qe7 17. 0-0 Rfe8 18. Rfd1 Nd7 19. b4 Ne5 20. Nf1 Qh4 21. Nh2 Bxh3 22. gxh3 Qxh3 23. Kh1 Nf3 24. Bxf3 exf3 25. Rg1 Re5 26. e4 g6 27. Qxf3 Qxf3+ 28. Nxf3 Rxe4 29. Rge1 Rf4 30. Kg2 Kf8 31. Kg3 g5 32. Rh1 Kg7 33. Rhe1 Kf6 34. c5 a5 35. b5 dxc5 36. Rxc5 Rd8 37. Rxc7 Rxd5 38. Rxb7 Ra4 39. Re3 h5 40. Ne1 Rd2 41. Rf3+ Ke6 42. Rbxf7 Rxa3 43. Rxa3 Kxf7 44. Rxa5 Rb2 45. Ng2 Rb3+ 46. Ne3 Ke7 47. b6 Kf6 48. Ra7 Ke5 49. Ra5+ Kf6 50. Kg2 h4 51. Ra7 Ke6 52. b7 Kd6 53. Nc4+ Kc7 54. Na5 h3+ 55. Kh2 Rb2 56. Kxh3 Rxf2 57. Kg4 Rg2+ 58. Kf3 Rb2 59. Ra8 Rb1 60. Rc8+ 1-0